000 00401nam a2200157Ia 4500
008 230524s9999 xx 000 0 und d
082 _a658.4
_bALT
100 _aSteven Alter
245 0 _a"Information Systems : The Foundation of E-Business,"
250 _a4TH
260 _aNEW DELHI
_bPearson
_c2009
300 _aXXVIII;599
500 _aQuantity Number: 2
650 _aComp-Sc
942 _cBK
999 _c46752
_d46752